"EHV-AC, HVDC Transmission and Distribution Engineering" (Record no. 8714)

MARC details
000 -LEADER
fixed length control field 00432nam a2200169Ia 4500
008 - FIXED-LENGTH DATA ELEMENTS--GENERAL INFORMATION
fixed length control field 230524s9999 xx 000 0 und d
020 ## - INTERNATIONAL STANDARD BOOK NUMBER
ISBN 8174090436
082 ## - DEWEY DECIMAL CLASSIFICATION NUMBER
Classification number 612.3812
Item number RAO
100 ## - MAIN ENTRY--AUTHOR NAME
Personal name S.Rao
245 #0 - TITLE STATEMENT
Title "EHV-AC, HVDC Transmission and Distribution Engineering"
250 ## - EDITION STATEMENT
Edition statement 3RD
260 ## - PUBLICATION, DISTRIBUTION, ETC. (IMPRINT)
Place of publication NEW DELHI
Name of publisher Khanna
Year of publication 2004
300 ## - PHYSICAL DESCRIPTION
Number of Pages XXIV;1421
500 ## - GENERAL NOTE
General note Quantity Number: 1
650 ## - SUBJECT ADDED ENTRY--TOPICAL TERM
Topical Term Electrical
942 ## - ADDED ENTRY ELEMENTS (KOHA)
Koha item type Books
Holdings
Lost status Damaged status Permanent Location Current Location Shelving location Date acquired Full call number Accession Number Koha item type
    Central Library, Trident Academy of Technology Central Library, Trident Academy of Technology General Stacks 05/24/2023 612.3812 RAO 6471 Books
Trident Academy of Technology © 2023.
All rights reserved.                                                                                                                                                                                                        Designed by Team of Central Library .

Powered by Koha